000 00622nam a2200241 a 4500
001 nice12345678
003 IN_TiNIC
005 20260116011636.0
008 050524s1975 cala grp 000 0 eng
020 _a
_c65.95
082 0 0 _a297.2
_bSMI
100 _aSmith, Jane I
245 _aHistorical and Semantic Study of the Term `islam` as Seen in a Sequence
260 _aCalifornia
_bScholars Press
_c1975
300 _a247p
500 _aincludes index and biblioraphy
505 2 _abibliography
650 _aIslam-Doctrines
700 1 _aSmith, Jane I
902 _bSRS
942 _cBK
999 _c3076
_d3076